| 000 | 00611nam a22001817a 4500 | ||
|---|---|---|---|
| 005 | 20231109105602.0 | ||
| 008 | 231109b |||||||| |||| 00| 0 eng d | ||
| 020 | _a0409023213 ; 0409023221 | ||
| 041 | _aAfrikaans | ||
| 082 | _a346.2 DEW | ||
| 100 |
_ade Wet, JC and Van Wyk, AH _lAfrikaans |
||
| 245 |
_aDe Wet en Yeats: Die Suid-Afrikaanse Kontraktereg en Handelsreg / _cJC de Wet en AH Van Wyk |
||
| 250 | _aVierde Uitgawe | ||
| 260 |
_aDurban : _bButterworths, _c1978 |
||
| 300 |
_bxciii, 852 pages ; _c25,5 cm. |
||
| 650 |
_aLegal practice _bLaw |
||
| 942 |
_cBK _6ALISON_BN_VRIES |
||
| 999 |
_c471 _d471 |
||